[Event "Chigorin Memorial"]
[Site "St Petersburg"]
[Date "2016.10.20"]
[Round "6.117"]
[White "Shubin, Alexey"]
[Black "Bondarenko, Dmitry"]
[Result "0-1"]
[WhiteElo "2141"]
[BlackElo "1918"]
[PlyCount "54"]
[EventDate "2016.10.15"]
[EventType "swiss"]
[EventRounds "9"]
[EventCountry "RUS"]

1. e4 c6 2. Nc3 d5 3. Nf3 Bg4 4. h3 Bxf3 5. Qxf3 e6 6. d4 Nf6 7. e5 Nfd7 8. Bf4
a6 9. Be2 c5 10. dxc5 Nc6 11. Qg3 Nxc5 12. O-O-O Nd7 13. Nxd5 exd5 14. Rxd5 Ne7
15. Rxd7 Qxd7 16. Rd1 Nf5 17. Qc3 Qc8 18. Qd3 Bc5 19. Bg4 g6 20. Bh6 Bf8 21.
Bg5 Be7 22. Bh6 Qc7 23. Bxf5 gxf5 24. Qxf5 Rd8 25. Rxd8+ Qxd8 26. Bg7 Rg8 27.
Bf6 Rxg2 0-1

[Event "Chigorin Memorial"]
[Site "St Petersburg"]
[Date "2016.10.20"]
[Round "6.118"]
[White "Tukaeva, Adelya"]
[Black "Avalyan, Artur"]
[Result "0-1"]
[WhiteElo "2025"]
[BlackElo "2138"]
[PlyCount "70"]
[EventDate "2016.10.15"]
[EventType "swiss"]
[EventRounds "9"]
[EventCountry "RUS"]

1. e4 e6 2. d4 d5 3. Nc3 Bb4 4. e5 c5 5. a3 Bxc3+ 6. bxc3 Qa5 7. Qd2 Nc6 8. Nf3
Nge7 9. Bd3 c4 10. Be2 Qa4 11. O-O Bd7 12. Qd1 h6 13. Be3 O-O-O 14. Qc1 Nf5 15.
Qb2 Rde8 16. Rfb1 b6 17. Qc1 f6 18. Nd2 fxe5 19. dxe5 Nxe3 20. fxe3 Nxe5 21. e4
Qa5 22. a4 Qxc3 23. Ra3 Qd4+ 24. Kh1 Bc6 25. a5 b5 26. Rg3 g5 27. Rb4 dxe4 28.
c3 Qc5 29. Qb1 Nd3 30. Bxd3 exd3 31. a6 Rhf8 32. Nf3 e5 33. Nd2 e4 34. Rh3 e3
35. Nxc4 e2 0-1

[Event "Chigorin Memorial"]
[Site "St Petersburg"]
[Date "2016.10.20"]
[Round "6.119"]
[White "Hakobyan, Hovhannes H"]
[Black "Tarnopolskiy, Lev"]
[Result "1/2-1/2"]
[WhiteElo "2136"]
[BlackElo "1913"]
[PlyCount "142"]
[EventDate "2016.10.15"]
[EventType "swiss"]
[EventRounds "9"]
[EventCountry "RUS"]

1. e4 e5 2. Nf3 Nc6 3. Nc3 Nf6 4. Be2 Bc5 5. Nxe5 Nxe5 6. d4 Bxd4 7. Qxd4 Nc6
8. Qd1 h6 9. O-O O-O 10. f4 d6 11. Bf3 Nd7 12. b3 Qf6 13. Bb2 Nd4 14. Kh1 Nxf3
15. Qxf3 Qh4 16. Nd5 c6 17. Qc3 f6 18. Ne7+ Kh7 19. Nf5 Qh5 20. Nxd6 Nb6 21. a4
Rd8 22. Ba3 Rb8 23. a5 Na8 24. Qc5 Qxc5 25. Bxc5 b6 26. axb6 axb6 27. Nf7 Rd7
28. Bd6 Nc7 29. Ra7 Rxf7 30. Bxc7 Rb7 31. Rxb7 Bxb7 32. Bxb6 Rd7 33. h4 Rd2 34.
Rf2 Rd1+ 35. Kh2 Re1 36. e5 fxe5 37. fxe5 Bc8 38. Bc7 Be6 39. Rd2 Re3 40. Rd6
Rxe5 41. Rxc6 Re2 42. c4 Bf5 43. Kg3 Be4 44. Re6 Rxg2+ 45. Kf4 Bc2 46. Rb6 Re2
47. c5 Re4+ 48. Kf3 Rxh4 49. c6 Rd4 50. Be5 Rd3+ 51. Ke2 Rd8 52. c7 Re8 53. Kf2
Bf5 54. Bd6 Kg8 55. Rb8 Kf7 56. b4 Bc8 57. Bg3 Ke6 58. Rb6+ Kd7 59. Rg6 Re7 60.
b5 Bb7 61. Bf4 Kc8 62. Kg3 Re2 63. Rd6 Rg2+ 64. Kh3 Kxc7 65. Rc6+ Kd8 66. Rd6+
Ke8 67. Rb6 Bf3 68. Re6+ Kf7 69. Re3 Bd5 70. Rd3 Be4 71. Re3 Bd5 1/2-1/2

[Event "Chigorin Memorial"]
[Site "St Petersburg"]
[Date "2016.10.20"]
[Round "6.120"]
[White "Korchagina, Viktoria"]
[Black "Mukhtarova, Anastasiia"]
[Result "1-0"]
[WhiteElo "2126"]
[BlackElo "1869"]
[PlyCount "79"]
[EventDate "2016.10.15"]
[EventType "swiss"]
[EventRounds "9"]
[EventCountry "RUS"]

1. e4 c5 2. Nf3 e6 3. d4 cxd4 4. Nxd4 a6 5. Nc3 Qc7 6. Be2 Nf6 7. O-O Be7 8. f4
d6 9. Bf3 O-O 10. Be3 Nc6 11. a4 Na5 12. Kh1 Rb8 13. Qe1 Bd7 14. Qg3 Nc4 15.
Bc1 Qa5 16. Be2 Rfc8 17. Rf3 b5 18. b3 b4 19. Bxc4 bxc3 20. Bd3 Rb4 21. Be3 e5
22. fxe5 dxe5 23. Nf5 Bxf5 24. Rxf5 Nxe4 25. Qxe5 Qxe5 26. Rxe5 Bf6 27. Ra5 Nd2
28. Rxa6 Re8 29. Bc5 Rb7 30. b4 h5 31. a5 Rd8 32. Rd6 Rxd6 33. Bxd6 Rd7 34. a6
Nb3 35. a7 Nxa1 36. a8=Q+ Rd8 37. Qxa1 Rxd6 38. b5 Rxd3 39. cxd3 c2 40. Qc1 1-0

[Event "Chigorin Memorial"]
[Site "St Petersburg"]
[Date "2016.10.20"]
[Round "6.121"]
[White "Kuznetsov, Roman"]
[Black "Barchuk, Irina"]
[Result "1-0"]
[WhiteElo "1990"]
[BlackElo "2126"]
[PlyCount "77"]
[EventDate "2016.10.15"]
[EventType "swiss"]
[EventRounds "9"]
[EventCountry "RUS"]

1. e4 c5 2. Nf3 d6 3. Nc3 Nf6 4. Bb5+ Nbd7 5. O-O a6 6. Bxd7+ Bxd7 7. e5 dxe5
8. Nxe5 e6 9. d3 Bd6 10. Nc4 Bc7 11. Bg5 Bc6 12. a4 b5 13. axb5 axb5 14. Bxf6
Rxa1 15. Qxa1 Qxf6 16. Qa6 Kd7 17. Nxb5 Ra8 18. Nb6+ Bxb6 19. Qxb6 Qe5 20. Nc3
Rb8 21. Qa7+ Rb7 22. Qa3 f5 23. Rd1 Rb4 24. Qa7+ Ke8 25. Qa6 Bb7 26. Qa5 Qd6
27. h3 g5 28. Re1 g4 29. hxg4 Rxg4 30. g3 Rxg3+ 31. Kf1 Rh3 32. Re3 Rh1+ 33.
Ke2 Bc6 34. Nb5 Bxb5 35. Qa8+ Kf7 36. Qxh1 Kg8 37. Rg3+ Kf8 38. Qxh7 Qe5+ 39.
Kd1 1-0

[Event "Chigorin Memorial"]
[Site "St Petersburg"]
[Date "2016.10.20"]
[Round "6.122"]
[White "Gordon, Evgeny"]
[Black "Krasovskiy, Sviatoslav"]
[Result "0-1"]
[WhiteElo "1988"]
[BlackElo "2123"]
[PlyCount "128"]
[EventDate "2016.10.15"]
[EventType "swiss"]
[EventRounds "9"]
[EventCountry "RUS"]

1. d4 Nf6 2. c4 e6 3. Nc3 Bb4 4. Qc2 O-O 5. a3 Bxc3+ 6. Qxc3 b6 7. Nf3 Bb7 8.
e3 d6 9. Be2 Nbd7 10. O-O Ne4 11. Qc2 a5 12. b3 f5 13. Ne1 e5 14. d5 Rf6 15. f3
Nec5 16. Nd3 Rh6 17. Rf2 g5 18. Nxc5 Nxc5 19. Rb1 f4 20. b4 axb4 21. axb4 Nd7
22. Bd3 Qe8 23. Bf5 Nf6 24. Be6+ Kh8 25. Qf5 Ng8 26. Qf7 Qxf7 27. Bxf7 Ne7 28.
Be6 Rf6 29. e4 Rff8 30. Rc2 Bc8 31. Bxc8 Rfxc8 32. Bd2 Kg7 33. Kf2 Kf7 34. Ke2
Ke8 35. c5 b5 36. Rbc1 Kd7 37. Be1 Ra3 38. h4 g4 39. Bc3 Rg8 40. Kf2 g3+ 41.
Ke2 Rga8 42. h5 Ra2 43. Kd3 R8a3 44. cxd6 cxd6 45. Rxa2 Rxa2 46. Bd2 h6 47. Ke2
Ra6 48. Rh1 Ng8 49. Kd3 Nf6 50. Ke2 Ra8 51. Kd3 Ke7 52. Rc1 Kd7 53. Rc6 Ra1 54.
Rb6 Kc7 55. Rc6+ Kd7 56. Bc1 Nxh5 57. Kc2 Nf6 58. Rb6 h5 59. Rb7+ Ke8 60. Rb8+
Kf7 61. Rxb5 h4 62. Ra5 Rxa5 63. bxa5 h3 64. a6 Nd7 0-1

[Event "Chigorin Memorial"]
[Site "St Petersburg"]
[Date "2016.10.20"]
[Round "6.123"]
[White "Nazarova, Anastasia"]
[Black "Veselov, Andrey"]
[Result "1-0"]
[WhiteElo "1963"]
[BlackElo "2122"]
[PlyCount "69"]
[EventDate "2016.10.15"]
[EventType "swiss"]
[EventRounds "9"]
[EventCountry "RUS"]

1. e4 c5 2. Nf3 Nc6 3. d4 cxd4 4. Nxd4 Nf6 5. Nc3 g6 6. Be3 Bg7 7. Bc4 O-O 8.
Bb3 d6 9. f3 Na5 10. Qd2 a6 11. h4 b5 12. h5 Nc4 13. Bxc4 bxc4 14. hxg6 fxg6
15. O-O-O Bd7 16. Bh6 Qa5 17. Bxg7 Kxg7 18. Qh6+ Kg8 19. g4 Rf7 20. Nde2 Rb8
21. Nf4 Qb6 22. Nxg6 Qxb2+ 23. Kd2 Qb6 24. Nxe7+ Rxe7 25. Qxf6 Rbe8 26. Nd5
Qf2+ 27. Kc1 Rf7 28. Qg5+ Kh8 29. Nf6 Ba4 30. Rd2 Qxf3 31. Rdh2 Qa3+ 32. Kd2
Qb4+ 33. Ke2 Rxe4+ 34. Nxe4 Qb6 35. Rxh7+ 1-0

[Event "Chigorin Memorial"]
[Site "St Petersburg"]
[Date "2016.10.20"]
[Round "6.124"]
[White "Baranov, Andrey"]
[Black "Shapiyanov, Adam"]
[Result "1-0"]
[WhiteElo "2121"]
[BlackElo "1857"]
[PlyCount "69"]
[EventDate "2016.10.15"]
[EventType "swiss"]
[EventRounds "9"]
[EventCountry "RUS"]

1. b3 Nf6 2. Bb2 e6 3. e3 d5 4. Nf3 Be7 5. g3 O-O 6. Bg2 c5 7. O-O Nc6 8. d4
cxd4 9. exd4 b6 10. Nbd2 Ba6 11. Re1 Rc8 12. a3 b5 13. Ne5 Qb6 14. Ndf3 Rc7 15.
Bf1 Ne4 16. Bd3 Nxe5 17. Nxe5 Bb7 18. Re3 b4 19. axb4 Bxb4 20. c4 Ba8 21. c5
Qb8 22. f3 Nxc5 23. Bb1 Nd7 24. Qd3 g6 25. Ng4 Rfc8 26. Kg2 Bc6 27. h4 Bb5 28.
Qd1 Bc3 29. Bxc3 Rxc3 30. Rxc3 Rxc3 31. h5 Kg7 32. hxg6 Kh8 33. Qd2 Rc7 34.
gxf7 Nf8 35. Qf4 1-0

[Event "Chigorin Memorial"]
[Site "St Petersburg"]
[Date "2016.10.20"]
[Round "6.125"]
[White "Golikov, Daniil"]
[Black "Protasova, Anastasia"]
[Result "1-0"]
[WhiteElo "2114"]
[BlackElo "1847"]
[PlyCount "45"]
[EventDate "2016.10.15"]
[EventType "swiss"]
[EventRounds "9"]
[EventCountry "RUS"]

1. d4 Nf6 2. c4 d6 3. Nc3 Nbd7 4. e4 e5 5. Nf3 Be7 6. Be2 O-O 7. O-O Re8 8. d5
c5 9. Ne1 Nf8 10. Nd3 Ng6 11. Be3 Bf8 12. h3 a6 13. a4 h6 14. Qd2 Qc7 15. a5
Bd7 16. Rfb1 Bc8 17. b4 cxb4 18. Rxb4 Nd7 19. Bg4 Rb8 20. Rab1 Qd8 21. Bxd7
Qxd7 22. Na4 f5 23. Ba7 1-0

[Event "Chigorin Memorial"]
[Site "St Petersburg"]
[Date "2016.10.20"]
[Round "6.126"]
[White "Mirzaeva, Gulnara"]
[Black "Enkhbat, Tsendragchaa"]
[Result "0-1"]
[WhiteElo "1919"]
[BlackElo "2113"]
[PlyCount "150"]
[EventDate "2016.10.15"]
[EventType "swiss"]
[EventRounds "9"]
[EventCountry "RUS"]

1. e4 e5 2. Nf3 Nc6 3. Bc4 Bc5 4. c3 Nf6 5. d3 a6 6. O-O O-O 7. Re1 d6 8. a4
Ne7 9. d4 exd4 10. cxd4 Bb4 11. Bd2 Bxd2 12. Qxd2 d5 13. exd5 Nexd5 14. Nc3 Bg4
15. Ne5 Be6 16. Rac1 a5 17. Nd3 Nxc3 18. Qxc3 Bxc4 19. Qxc4 c6 20. Nc5 Rb8 21.
h3 Nd5 22. Re5 Nb4 23. Nd3 Nxd3 24. Qxd3 Qb6 25. Rd1 Qxb2 26. Rxa5 Rfd8 27. Qc4
Rd7 28. Re5 g6 29. h4 Rbd8 30. Re4 h5 31. Rf4 Re8 32. g4 Qe2 33. Qxe2 Rxe2 34.
gxh5 gxh5 35. Rf5 Ra2 36. a5 Ra4 37. Rxh5 Raxd4 38. Rxd4 Rxd4 39. Kg2 Kg7 40.
a6 bxa6 41. Rg5+ Kh7 42. Rh5+ Kg7 43. Rg5+ Kf8 44. Rc5 Rxh4 45. Rxc6 Ra4 46.
Kg3 Kg7 47. Kf3 f6 48. Kg3 Kg6 49. Kf3 Kf5 50. Kg3 Ra3+ 51. Kg2 Ke5 52. Kh2 f5
53. Kg2 Kd5 54. Rf6 Ke4 55. Re6+ Kd4 56. Rf6 Ke5 57. Rc6 f4 58. Rc5+ Ke4 59.
Rc4+ Kf5 60. Rc5+ Kg4 61. Rc4 Rb3 62. Rc6 a5 63. Rc5 a4 64. Ra5 a3 65. Kh2 Rc3
66. Kg2 f3+ 67. Kh2 Kf4 68. Ra4+ Ke5 69. Kg3 Kd5 70. Rb4 Kc5 71. Rb8 Kc4 72.
Rb7 a2 73. Rc7+ Kb3 74. Ra7 Kb2 75. Rb7+ Rb3 0-1

[Event "Chigorin Memorial"]
[Site "St Petersburg"]
[Date "2016.10.20"]
[Round "6.127"]
[White "Shmoilov, Dmitry"]
[Black "Tersinsev, Andrey"]
[Result "1-0"]
[WhiteElo "1916"]
[BlackElo "2107"]
[PlyCount "51"]
[EventDate "2016.10.15"]
[EventType "swiss"]
[EventRounds "9"]
[EventCountry "RUS"]

1. c4 f5 2. g3 Nf6 3. Bg2 g6 4. d4 Bg7 5. Nc3 O-O 6. Nf3 d6 7. O-O Nc6 8. Ne1
Qe8 9. Nb5 Qd7 10. d5 Ne5 11. Nd4 Qe8 12. b3 c5 13. Ndf3 Nxf3+ 14. Bxf3 Ne4 15.
Be3 Bxa1 16. Qxa1 Nf6 17. Bg5 Rf7 18. h3 e5 19. dxe6 Bxe6 20. Nd3 Ne4 21. h4
Nd2 22. Bxd2 Rb8 23. Nf4 Re7 24. Nxe6 Rxe6 25. Bd5 Kf7 26. Bg5 1-0

[Event "Chigorin Memorial"]
[Site "St Petersburg"]
[Date "2016.10.20"]
[Round "6.128"]
[White "Budnikova, Varvara"]
[Black "Selivanov, Ivan"]
[Result "1-0"]
[WhiteElo "1906"]
[BlackElo "2094"]
[PlyCount "69"]
[EventDate "2016.10.15"]
[EventType "swiss"]
[EventRounds "9"]
[EventCountry "RUS"]

1. e4 c5 2. Nf3 a6 3. c3 d5 4. exd5 Qxd5 5. d4 Nc6 6. Be2 e6 7. O-O Nf6 8. h3
cxd4 9. cxd4 Be7 10. Nc3 Qd6 11. Be3 O-O 12. Qd2 b5 13. Rfd1 Rd8 14. Bf4 Qb4
15. Bc7 Rd7 16. a3 Qb3 17. Qc1 Nd5 18. Nxd5 Qxd5 19. Bf4 Bb7 20. Qe3 Na5 21.
Rac1 Nc4 22. Bxc4 bxc4 23. Qe2 Rc8 24. Rc3 g5 25. Bh2 h5 26. Qf1 f6 27. Rdc1 g4
28. hxg4 hxg4 29. Nd2 Qxd4 30. Nxc4 Kg7 31. Bg3 Rh8 32. Ne3 f5 33. Rd1 Qf6 34.
Rxd7 Bc8 35. Rxe7+ 1-0

[Event "Chigorin Memorial"]
[Site "St Petersburg"]
[Date "2016.10.20"]
[Round "6.129"]
[White "Myshkovskiy, Sviatoslav"]
[Black "Rubtsov, Aleksandr"]
[Result "1/2-1/2"]
[WhiteElo "2093"]
[BlackElo "1844"]
[PlyCount "129"]
[EventDate "2016.10.15"]
[EventType "swiss"]
[EventRounds "9"]
[EventCountry "RUS"]

1. d4 d5 2. Bf4 Nf6 3. e3 e6 4. Nf3 c5 5. Bd3 Nc6 6. c3 Bd6 7. Bg3 O-O 8. O-O
Re8 9. Ne5 Bxe5 10. dxe5 Nd7 11. f4 Qb6 12. Qe2 g6 13. Na3 c4 14. Bb1 Nc5 15.
Bh4 Nb8 16. g4 Nbd7 17. Qf2 a6 18. Qd2 Na4 19. Rf2 Qc5 20. Qc1 b5 21. Nc2 Bb7
22. Nd4 Qc7 23. Rf3 Kg7 24. Rh3 h6 25. Rf3 Nac5 26. Bg3 Ne4 27. Bxe4 dxe4 28.
Rf1 Nc5 29. Qd2 Nd3 30. Bh4 Rg8 31. Bf6+ Kh7 32. Qg2 Qb8 33. Qh3 Qf8 34. Rab1
Rc8 35. Qh4 Nc5 36. Rbd1 Bd5 37. Kh1 Nd7 38. Be7 Qg7 39. Ne2 Rh8 40. Bf6 Nxf6
41. exf6 Qf8 42. f5 Qd8 43. fxg6+ fxg6 44. g5 h5 45. Nf4 Qd6 46. Nxd5 exd5 47.
Qxe4 Rhe8 48. Qxd5 Qxd5+ 49. Rxd5 Rxe3 50. Rd7+ Kh8 51. Rg7 Rg8 52. f7 Kxg7 53.
fxg8=Q+ Kxg8 54. Rf6 Kg7 55. Rxa6 Re1+ 56. Kg2 Re2+ 57. Kg3 Rxb2 58. Ra7+ Kf8
59. Rb7 Rxa2 60. Rxb5 Ra3 61. Rb6 Rxc3+ 62. Kh4 Kf7 63. Rb7+ Kf8 64. Rb8+ Ke7
65. Rb7+ 1/2-1/2

[Event "Chigorin Memorial"]
[Site "St Petersburg"]
[Date "2016.10.20"]
[Round "6.130"]
[White "Kavyev, Ruslan"]
[Black "Aseev, Vladimir"]
[Result "1-0"]
[WhiteElo "1890"]
[BlackElo "2087"]
[PlyCount "165"]
[EventDate "2016.10.15"]
[EventType "swiss"]
[EventRounds "9"]
[EventCountry "RUS"]

1. e4 c5 2. Nf3 e6 3. d4 cxd4 4. Nxd4 Qb6 5. Nc3 a6 6. Nb3 Nc6 7. Be2 Nf6 8.
O-O Be7 9. Be3 Qc7 10. f4 d6 11. a4 b6 12. Bf3 Bb7 13. Qe1 Nb4 14. Qf2 Nd7 15.
Nd4 Bf6 16. Rad1 O-O 17. Rd2 Rad8 18. Qg3 Nc6 19. Kh1 Nxd4 20. Bxd4 Bxd4 21.
Rxd4 e5 22. Rdd1 Nf6 23. Rd3 Nd7 24. f5 Nf6 25. b3 Rfe8 26. Qh4 Qe7 27. Re1 Rc8
28. Qf2 Nd7 29. Red1 Red8 30. Qd2 Nf8 31. Qe3 Nd7 32. Rxd6 Nc5 33. Qd2 Rxd6 34.
Qxd6 Qxd6 35. Rxd6 b5 36. axb5 axb5 37. Rb6 f6 38. Rxb5 Ba6 39. Rb6 Nd3 40. Ne2
Rxc2 41. Rxa6 Nc1 42. Ng3 Nxb3 43. h4 Rc7 44. Bh5 Kf8 45. Kh2 Nc5 46. Ra1 Nd3
47. Rd1 Nf4 48. Bf3 Rc4 49. Nf1 Rc3 50. Re1 g6 51. Re3 Rc2 52. Ng3 Rd2 53. Kh1
Kg7 54. Kh2 Kh6 55. Re1 Rb2 56. Rd1 Ra2 57. Rd6 Kg7 58. Kg1 Ra1+ 59. Kf2 Ra2+
60. Ne2 gxf5 61. exf5 e4 62. Ke3 exf3 63. Nxf4 fxg2 64. Rd1 Kh6 65. Kf3 Ra5 66.
Kg4 g1=Q+ 67. Rxg1 Rxf5 68. Rc1 Ra5 69. Rc6 Kg7 70. Nh5+ Kg8 71. Rxf6 Ra4+ 72.
Kg5 Ra5+ 73. Rf5 Ra1 74. Nf6+ Kg7 75. Ng4 Ra6 76. Rd5 Ra7 77. Nf6 h6+ 78. Kf5
Ra1 79. Nh5+ Kf8 80. Kg6 Ra4 81. Rf5+ Kg8 82. Nf6+ Kh8 83. Rh5 1-0

[Event "Chigorin Memorial"]
[Site "St Petersburg"]
[Date "2016.10.20"]
[Round "6.131"]
[White "Protopopova, Anastasiya"]
[Black "Terekhov, Dmitriy"]
[Result "1-0"]
[WhiteElo "2082"]
[BlackElo "1844"]
[PlyCount "63"]
[EventDate "2016.10.15"]
[EventType "swiss"]
[EventRounds "9"]
[EventCountry "RUS"]

1. d4 Nf6 2. c4 e6 3. g3 d5 4. Nf3 Bb4+ 5. Nbd2 O-O 6. Bg2 c6 7. O-O Nbd7 8.
Qc2 b6 9. e4 Bb7 10. e5 Ne8 11. h4 g6 12. Rd1 Be7 13. Nf1 c5 14. Bh6 Ng7 15.
cxd5 Bxd5 16. Ne3 Bb7 17. d5 exd5 18. Nxd5 Bxd5 19. Rxd5 Qc7 20. Qc3 Rad8 21.
e6 Nf6 22. exf7+ Kh8 23. Rxd8 Qxd8 24. Ng5 Qd6 25. Re1 Bd8 26. Ne4 Qe6 27. Nxf6
Qxf6 28. Qxf6 Bxf6 29. Re8 Nxe8 30. Bxf8 Nc7 31. Bd6 Ne6 32. Bd5 1-0

[Event "Chigorin Memorial"]
[Site "St Petersburg"]
[Date "2016.10.20"]
[Round "6.132"]
[White "Dmitriev, Vladimir"]
[Black "Pilchin, Uri"]
[Result "1-0"]
[WhiteElo "2081"]
[BlackElo "1839"]
[PlyCount "151"]
[EventDate "2016.10.15"]
[EventType "swiss"]
[EventRounds "9"]
[EventCountry "RUS"]

1. e4 c5 2. Nc3 d6 3. g3 g6 4. Bg2 Bg7 5. Nge2 Nc6 6. d3 e6 7. Be3 Nge7 8. Qd2
Nd4 9. Rc1 Qa5 10. Bh6 Bf6 11. f4 Nxe2 12. Kxe2 Nc6 13. e5 Nd4+ 14. Kd1 Nf5 15.
Ne4 Qxd2+ 16. Kxd2 Be7 17. exd6 Nxd6 18. Nxd6+ Bxd6 19. Bg7 Rg8 20. Bf6 Be7 21.
Bxe7 Kxe7 22. Rhe1 Rb8 23. Re5 b6 24. Rce1 Kf6 25. g4 Bd7 26. Kc3 Rgd8 27. h4
Rbc8 28. h5 Kg7 29. g5 b5 30. h6+ Kf8 31. R1e2 Bc6 32. Bxc6 Rxc6 33. R2e4 a6
34. a4 Rdc8 35. axb5 axb5 36. Kb3 Rd6 37. d4 cxd4 38. Rxb5 d3 39. cxd3 Rxd3+
40. Kb4 Rd2 41. b3 Rd7 42. Rb6 Ke7 43. Kb5 Rd5+ 44. Ka6 Ra8+ 45. Kb7 Rdd8 46.
b4 Rab8+ 47. Ka6 Ra8+ 48. Kb5 Rd5+ 49. Kc6 Rd6+ 50. Kb7 Rdd8 51. Rc6 Rab8+ 52.
Ka6 Ra8+ 53. Kb6 Rab8+ 54. Ka5 Ra8+ 55. Ra6 Rd5+ 56. b5 Rb8 57. Rb4 e5 58. Ra7+
Ke6 59. fxe5 Rxe5 60. Ka6 Rxg5 61. b6 Rh5 62. b7 Rxh6 63. Ra8 Rxb7 64. Rxb7 Rh1
65. Re8+ Kf6 66. Rb6+ Kg5 67. Rb2 f5 68. Rf8 Kg4 69. Kb5 f4 70. Kc4 g5 71. Rg2+
Kh4 72. Kd3 Rh3+ 73. Ke4 Re3+ 74. Kf5 h6 75. Rh8 h5 76. Rxh5+ 1-0

[Event "Chigorin Memorial"]
[Site "St Petersburg"]
[Date "2016.10.20"]
[Round "6.133"]
[White "Shmyrin, Mikhail"]
[Black "Lavrinovitsh, Denis"]
[Result "0-1"]
[WhiteElo "1871"]
[BlackElo "2081"]
[PlyCount "90"]
[EventDate "2016.10.15"]
[EventType "swiss"]
[EventRounds "9"]
[EventCountry "RUS"]

1. e4 e6 2. d4 d5 3. Nd2 Nf6 4. e5 Nfd7 5. Bd3 c5 6. c3 Nc6 7. Ne2 cxd4 8. cxd4
f6 9. Nf4 Qe7 10. Qh5+ Qf7 11. Qxf7+ Kxf7 12. exf6 Nxd4 13. fxg7 Bxg7 14. O-O
Nf6 15. Re1 Re8 16. Ne2 Nxe2+ 17. Bxe2 Bd7 18. Nb3 e5 19. Bg5 Kg6 20. Bxf6 Bxf6
21. Rad1 Bc6 22. f3 Bh4 23. g3 Bf6 24. Nc5 e4 25. fxe4 dxe4 26. Rd6 Rad8 27.
Red1 Rxd6 28. Rxd6 Kf5 29. b3 Be7 30. Nxb7 Bxb7 31. Rd7 Bc5+ 32. Kf1 Re7 33.
Rd8 Ke5 34. Bc4 Bb6 35. Rd1 Bc6 36. Ke2 Bd4 37. Rf1 Bd5 38. Bb5 Rf7 39. Rc1
Rf2+ 40. Ke1 Rxh2 41. Rc7 Bf2+ 42. Kf1 Bxg3 43. Rxa7 e3 44. Rg7 Kf4 45. Be2
Rh1# 0-1

[Event "Chigorin Memorial"]
[Site "St Petersburg"]
[Date "2016.10.20"]
[Round "6.134"]
[White "Don, Aleksandr"]
[Black "Bimiev, Ahmad"]
[Result "0-1"]
[WhiteElo "1856"]
[BlackElo "2076"]
[PlyCount "56"]
[EventDate "2016.10.15"]
[EventType "swiss"]
[EventRounds "9"]
[EventCountry "RUS"]

1. d4 Nf6 2. c4 e6 3. Nf3 b6 4. a3 Bb7 5. Nc3 Be7 6. d5 d6 7. g3 O-O 8. Bg2 e5
9. O-O a5 10. e4 Nbd7 11. Be3 Nc5 12. Nd2 Qd7 13. h3 a4 14. b4 axb3 15. Nxb3
Na4 16. Na2 Ba6 17. Qc2 h6 18. Nb4 Bb7 19. f4 Nh7 20. fxe5 dxe5 21. c5 bxc5 22.
Nxc5 Nxc5 23. Bxc5 Bd6 24. Rfc1 Rfc8 25. Qb2 Ra5 26. Nd3 Rb5 27. Nxe5 Qe8 28.
Qe2 Bxe5 0-1

[Event "Chigorin Memorial"]
[Site "St Petersburg"]
[Date "2016.10.20"]
[Round "6.135"]
[White "Kamnev, Alexander"]
[Black "Khlopushin, Dmitriy"]
[Result "1-0"]
[WhiteElo "2073"]
[BlackElo "1824"]
[PlyCount "49"]
[EventDate "2016.10.15"]
[EventType "swiss"]
[EventRounds "9"]
[EventCountry "RUS"]

1. e4 e5 2. Nf3 Nc6 3. Bb5 a6 4. Ba4 Nf6 5. O-O Nxe4 6. d4 b5 7. Bb3 d5 8. dxe5
Be6 9. Nbd2 Nc5 10. c3 Be7 11. Bc2 d4 12. Nb3 Bc4 13. Nxc5 Bxc5 14. Be4 Qd7 15.
Re1 Rd8 16. Bg5 Ne7 17. cxd4 Bb4 18. Bd2 Bxd2 19. Qxd2 h6 20. Rac1 Bxa2 21. Qc2
Bd5 22. Bxd5 Nxd5 23. e6 fxe6 24. Ne5 Qe7 25. Qc6+ 1-0

[Event "Chigorin Memorial"]
[Site "St Petersburg"]
[Date "2016.10.20"]
[Round "6.137"]
[White "Smirnov, Dmitrii"]
[Black "Volkov, Roman"]
[Result "0-1"]
[WhiteElo "1849"]
[BlackElo "2067"]
[PlyCount "110"]
[EventDate "2016.10.15"]
[EventType "swiss"]
[EventRounds "9"]
[EventCountry "RUS"]

1. e4 c5 2. Nf3 e6 3. d4 cxd4 4. Nxd4 a6 5. Nc3 b5 6. Bd3 d6 7. O-O Bb7 8. Re1
Nd7 9. Nf3 Ngf6 10. Bg5 Be7 11. a4 b4 12. Nb1 Nc5 13. Nbd2 O-O 14. Qe2 a5 15.
Nd4 Rc8 16. Nb5 Nxd3 17. Qxd3 Ba6 18. h3 Bxb5 19. axb5 Ra8 20. Be3 Qd7 21. Nb3
Rfb8 22. Nd4 Rb7 23. Nc6 Bf8 24. Red1 d5 25. exd5 Nxd5 26. Bd4 Nc7 27. Qg3 Nd5
28. Qd3 a4 29. c4 bxc3 30. bxc3 Ne7 31. Qf3 Qc8 32. c4 Nxc6 33. bxc6 Rc7 34.
Bb6 Rxc6 35. Rd8 Qb7 36. Rxa8 Qxa8 37. c5 h6 38. Qe4 Rc8 39. Rxa4 Qxe4 40. Rxe4
Bxc5 41. Bxc5 Rxc5 42. f3 Rc2 43. Kh2 Kf8 44. Kg3 Ke7 45. f4 Kf6 46. Kf3 Ra2
47. Rb4 Ra3+ 48. Kf2 Kf5 49. g3 h5 50. Rb5+ Kg6 51. Rg5+ Kh6 52. Rb5 h4 53. Rg5
Rxg3 54. Rxg3 hxg3+ 55. Kxg3 Kh5 0-1

[Event "Chigorin Memorial"]
[Site "St Petersburg"]
[Date "2016.10.20"]
[Round "6.138"]
[White "Vorobyova, Valeriya"]
[Black "Tsapalin, Sergey"]
[Result "0-1"]
[WhiteElo "1830"]
[BlackElo "2060"]
[PlyCount "76"]
[EventDate "2016.10.15"]
[EventType "swiss"]
[EventRounds "9"]
[EventCountry "RUS"]

1. e4 c5 2. Nf3 Nc6 3. d4 cxd4 4. Nxd4 e5 5. Nb5 d6 6. c4 Be7 7. Be2 Nf6 8.
N1c3 a6 9. Na3 O-O 10. Be3 Be6 11. O-O Rc8 12. Qd2 Bg4 13. f3 Be6 14. Rac1 Nh5
15. Rfd1 Nf4 16. Bf1 Bg5 17. Nc2 Qf6 18. Nd5 Bxd5 19. exd5 Nd4 20. Nxd4 exd4
21. Qxd4 Qh6 22. Bd2 Rce8 23. Kh1 Re5 24. Re1 Rf5 25. g3 Nh5 26. Bxg5 Rxg5 27.
g4 Nf6 28. Qf2 Nd7 29. Qg3 Re5 30. Bd3 Rfe8 31. Be4 Nc5 32. Rf1 Nxe4 33. fxe4
Rxe4 34. Rce1 Qg6 35. Qf2 R8e5 36. h3 h5 37. gxh5 Qxh5 38. Kh2 Re2 0-1

[Event "Chigorin Memorial"]
[Site "St Petersburg"]
[Date "2016.10.20"]
[Round "6.139"]
[White "Yanko, Ivan"]
[Black "Tsao, Yui"]
[Result "1/2-1/2"]
[WhiteElo "2060"]
[BlackElo "1768"]
[PlyCount "118"]
[EventDate "2016.10.15"]
[EventType "swiss"]
[EventRounds "9"]
[EventCountry "RUS"]

1. e4 e6 2. d4 d5 3. e5 c5 4. c3 Nc6 5. Nf3 Qb6 6. a3 a5 7. Bd3 Bd7 8. O-O a4
9. Bc2 Qb5 10. Re1 h6 11. Nbd2 Na5 12. Rb1 Qc6 13. Nf1 Nc4 14. Ne3 Qc7 15. Nxc4
dxc4 16. Nd2 cxd4 17. cxd4 Ne7 18. Ne4 Nd5 19. f4 g6 20. Bd2 Be7 21. Qg4 Bc6
22. Bc3 h5 23. Qf3 h4 24. Rf1 Rh5 25. Qe2 b5 26. Rbc1 Qb7 27. Bb4 Nxb4 28. axb4
Bd5 29. Rfd1 O-O-O 30. Nc5 Qc6 31. h3 Rhh8 32. Ra1 Rdg8 33. Ra3 g5 34. f5 g4
35. hxg4 Rg5 36. Ne4 Rgg8 37. Nf6 Bxf6 38. exf6 Rg5 39. Rh3 Rhg8 40. Rxh4 exf5
41. Re1 Qxf6 42. Qe5 Qc6 43. Bxf5+ Kb7 44. Qe7+ Ka6 45. Bd7 Qb6 46. Rh6 R5g6
47. Rxg6 fxg6 48. Qe5 Bb7 49. Rf1 Ka7 50. Bxb5 Rd8 51. Rf6 Qxd4+ 52. Qxd4+ Rxd4
53. Bxa4 Rd2 54. Bc6 Rxb2 55. b5 c3 56. Rf7 c2 57. Rxb7+ Ka8 58. Rb6+ Ka7 59.
Rb7+ Ka8 1/2-1/2